| 000 | 00398nam a2200145Ia 4500 | ||
|---|---|---|---|
| 008 | 191111s9999 xx 000 0 und d | ||
| 020 | _a9781305968356 | ||
| 100 | _aLeach, Chris L. | ||
| 245 |
_cChrisL. Leach.-- _aEntrepeneurial finance / |
||
| 250 | _a6th ed | ||
| 260 |
_aUSA : _bCengage Learning _c2018 |
||
| 300 | _axxii, 698 pages. | ||
| 650 | _aEntrepreneurship | ||
| 650 | _aVenture capital | ||
| 999 |
_c362645 _d362645 |
||